000 00446nam a2200181Ia 4500
001 510
005 20260306140523.0
008 260306t2011||||xx |||||||||||||| ||spa||
041 _aESP
082 _a121.3
_bB25
100 _aBarrio Maestre, José María
_eAUT
245 0 _aLa gran dictadura :
_banotomía del relativismo
260 _c2011
300 _a187 páginas :
_c19 cm.
650 _aGEN
654 _aCHU
942 _cLIB
_dJUS
_fJUS
_2ddc
_n
999 _c510
_d510